00562nam a2200193 a 4500001001300000003000900013005001700022008004100039020001000080082001800090100002400108245008100132260004400213300000900257500003500266505001500301650002800316700002400344nice12345678IN_TiNIC20260116013001.0050524s1981 gena grp 000 0 eng  ac10000a220.9505bBEN aBent, Ans J Van Der aVoices of Unityb Essays in Honour of William Adolf Visser`t Hooft on the Oc aGenevabWorld Council of Churchesc1981 a101p aincludes index and biblioraphy2 aRoman Urdu aChristianity-Miscellany1 aBent, Ans J Van Der